[Event "Under The Counter"]
[Site "SchemingMind.com"]
[Date "2024.11.08"]
[Round "-"]
[White "cnile"]
[Black "agoodhobby"]
[Result "*"]
[WhiteCountry "SCO"]
[BlackCountry "USA"]
[WhiteElo "1290"]
[WhiteRD "59"]
[BlackElo "1500"]
[BlackRD "68"]
[GameID "748774"]

1. e4 d5 2. exd5 Qxd5 3. Nc3 Qa5 4. Nf3 Nf6 5. d4 Nc6 6. Bc4 e5 7. O-O Bg4 8. Re1 Bxf3 9. Qxf3 Bd6 10. Be3 O-O
11. dxe5 Bxe5 12. Bg5 Bxc3 13. bxc3 Qxg5
*

[Event "Under The Counter"]
[Site "SchemingMind.com"]
[Date "2024.11.09"]
[Round "-"]
[White "agoodhobby"]
[Black "cnile"]
[Result "*"]
[WhiteCountry "USA"]
[BlackCountry "SCO"]
[WhiteElo "1500"]
[WhiteRD "68"]
[BlackElo "1290"]
[BlackRD "59"]
[GameID "748775"]

1. e4 d5 2. exd5 Nf6 3. d4 Nxd5 4. Nf3 e6 5. c4 Nf6 6. Nc3 Bb4 7. Bd3 O-O 8. O-O Re8 9. Bg5 Nbd7 10. Qc2 b6
11. a3 Bxc3 12. Qxc3
*

[Event "Under The Counter"]
[Site "SchemingMind.com"]
[Date "2024.11.08"]
[Round "-"]
[White "cnile"]
[Black "maro"]
[Result "*"]
[WhiteCountry "SCO"]
[BlackCountry "MEX"]
[WhiteElo "1290"]
[WhiteRD "59"]
[BlackElo "1420"]
[BlackRD "70"]
[GameID "748776"]

1. e4 d5 2. exd5 Qxd5 3. Nc3 Qe5+ 4. Be2 Bg4 5. d4 Qe6 6. Nb5 Na6 7. Nf3 Bxf3 8. Be3 Bxg2 9. Rg1 Be4 10. Bg4 f5
11. Be2 Nf6
*

[Event "Under The Counter"]
[Site "SchemingMind.com"]
[Date "2024.11.08"]
[Round "-"]
[White "cnile"]
[Black "Chessibelle"]
[Result "*"]
[WhiteCountry "SCO"]
[BlackCountry "ENG"]
[WhiteElo "1290"]
[WhiteRD "59"]
[BlackElo "1001"]
[BlackRD "58"]
[GameID "748778"]

1. e4 d5 2. exd5 Qxd5 3. Nf3 g6 4. d4 b6 5. c4 Qd8 6. Nc3 Nd7 7. Be3 e6 8. Bd3 f5 9. O-O c5 10. a4 a5
11. dxc5 bxc5
*

[Event "Under The Counter"]
[Site "SchemingMind.com"]
[Date "2024.11.09"]
[Round "-"]
[White "Chessibelle"]
[Black "cnile"]
[Result "*"]
[WhiteCountry "ENG"]
[BlackCountry "SCO"]
[WhiteElo "1001"]
[WhiteRD "58"]
[BlackElo "1290"]
[BlackRD "59"]
[GameID "748779"]

1. e4 d5 2. Nc3 c6 3. b3 dxe4 4. Nxe4 Bf5 5. Bd3 Nd7 6. g3 e5 7. Bb2 Be6 8. Ne2 Ngf6 9. c4 Nc5 10. Bc2 Ncxe4
11. Bxe5
*

[Event "Under The Counter"]
[Site "SchemingMind.com"]
[Date "2024.11.08"]
[Round "-"]
[White "Bacon"]
[Black "agoodhobby"]
[Result "*"]
[WhiteCountry "BER"]
[BlackCountry "USA"]
[WhiteElo "1043"]
[WhiteRD "148"]
[BlackElo "1500"]
[BlackRD "68"]
[GameID "748784"]

1. e4 d5 2. Nc3 Nf6 3. e5 Ne4 4. Nxe4 dxe4 5. Qe2 Bf5 6. Qe3 Nc6 7. f4 e6 8. Bc4 Bb4 9. c3 Ba5 10. b4 Bb6
11. Qg3 O-O 12. b5 Na5 13. Bb3 Nxb3 14. Rb1 Nxc1 15. Rxc1 e3 16. dxe3 Qd3 17. e4 Qxe4+
*

[Event "Under The Counter"]
[Site "SchemingMind.com"]
[Date "2024.11.13"]
[Round "-"]
[White "agoodhobby"]
[Black "Bacon"]
[Result "*"]
[WhiteCountry "USA"]
[BlackCountry "BER"]
[WhiteElo "1500"]
[WhiteRD "68"]
[BlackElo "1043"]
[BlackRD "148"]
[GameID "748785"]

1. e4 d5 2. exd5 Qxd5 3. Nc3 Qe5+ 4. Be2 Nf6 5. Nf3 Qd6 6. d4 Nc6 7. O-O Bf5 8. Bg5 h6 9. Bh4 g5 10. Bg3 Qb4
11. Rb1 O-O-O 12. a3 Qd6 13. Bxd6 Rxd6 14. Bb5 a6 15. Bxc6 Rxc6 16. Ne5
*

[Event "Under The Counter"]
[Site "SchemingMind.com"]
[Date "2024.11.13"]
[Round "-"]
[White "Bacon"]
[Black "maro"]
[Result "*"]
[WhiteCountry "BER"]
[BlackCountry "MEX"]
[WhiteElo "1043"]
[WhiteRD "148"]
[BlackElo "1420"]
[BlackRD "70"]
[GameID "748786"]

1. e4 d5 2. e5 Nc6 3. Nf3 Bf5 4. Bd3 Bxd3 5. cxd3 e6 6. d4 Bb4 7. a3 Ba5 8. b4 Bb6 9. O-O Nxd4 10. Qa4+ c6
11. Nc3 Nxf3+ 12. gxf3 Qg5+ 13. Kh1 Qxe5 14. Ne2 Bc7
*

[Event "Under The Counter"]
[Site "SchemingMind.com"]
[Date "2024.11.13"]
[Round "-"]
[White "maro"]
[Black "Bacon"]
[Result "*"]
[WhiteCountry "MEX"]
[BlackCountry "BER"]
[WhiteElo "1420"]
[WhiteRD "70"]
[BlackElo "1043"]
[BlackRD "148"]
[GameID "748787"]

1. e4 d5 2. e5 Nc6 3. d4 e6 4. Nc3 Nh6 5. Bxh6 gxh6 6. Bb5 a6 7. Bxc6+ bxc6 8. Qh5 Qg5 9. Qf3 Qf5 10. Qe2 Bb7
11. Nf3 O-O-O 12. a3 Be7 13. h3 Rhg8 14. g4
*

[Event "Under The Counter"]
[Site "SchemingMind.com"]
[Date "2024.11.13"]
[Round "-"]
[White "Bacon"]
[Black "Chessibelle"]
[Result "*"]
[WhiteCountry "BER"]
[BlackCountry "ENG"]
[WhiteElo "1043"]
[WhiteRD "148"]
[BlackElo "1001"]
[BlackRD "58"]
[GameID "748788"]

1. e4 d5 2. e5 e6 3. Nf3 g6 4. d4 Be7 5. Bb5+ c6 6. Ba4 a6 7. O-O b5 8. Bb3 Nh6 9. Bxh6 Rg8 10. h3 Nd7
*

[Event "Under The Counter"]
[Site "SchemingMind.com"]
[Date "2024.11.13"]
[Round "-"]
[White "Chessibelle"]
[Black "Bacon"]
[Result "*"]
[WhiteCountry "ENG"]
[BlackCountry "BER"]
[WhiteElo "1001"]
[WhiteRD "58"]
[BlackElo "1043"]
[BlackRD "148"]
[GameID "748789"]

1. e4 d5 2. Nc3 d4 3. Nb5 Nc6 4. d3 a6 5. Na3 b5 6. Bd2 Ne5 7. b4 Bg4 8. f3 Bh5 9. g4 Bg6 10. Bf4 Nd7
11. Nh3 e5 12. Bd2
*

[Event "Under The Counter"]
[Site "SchemingMind.com"]
[Date "2024.11.08"]
[Round "-"]
[White "maro"]
[Black "Chessibelle"]
[Result "*"]
[WhiteCountry "MEX"]
[BlackCountry "ENG"]
[WhiteElo "1420"]
[WhiteRD "70"]
[BlackElo "1001"]
[BlackRD "58"]
[GameID "748802"]

1. e4 d5 2. exd5 e6 3. dxe6 Bxe6 4. Bb5+ Nd7 5. d4 Nf6 6. Nc3 g6 7. Bg5 Be7 8. Bh6 Ng4 9. Bg7 Rg8 10. Be5 c6
11. Ba4 Qb6 12. Bb3 O-O-O 13. Bxe6 fxe6 14. Nf3 Qxb2 15. Na4 Qb4+ 16. c3 Qc4 17. Nd2 Qd5 18. Qxg4 b5 19. Nc5 Nb6 20. Nxe6 Rde8
21. Nf4+ Qd7 22. Ne6 h5 23. Qh3 a6 24. Ne4 Nc4 25. N4c5 Qa7 26. Ng7+ Kd8 27. Nxe8 Kxe8 28. Ne6 a5 29. Ng7+ Kd8 30. O-O-O Bg5+
31. f4 Be7 32. Rhe1 Ba3+ 33. Kc2 Be7 34. d5 Qf2+ 35. Kd3 Nb2+ 36. Ke4 Nxd1 37. Ne6+
*

[Event "Under The Counter"]
[Site "SchemingMind.com"]
[Date "2024.11.08"]
[Round "-"]
[White "maro"]
[Black "Henk Miedema"]
[Result "*"]
[WhiteCountry "MEX"]
[BlackCountry "NED"]
[WhiteElo "1420"]
[WhiteRD "70"]
[BlackElo "801"]
[BlackRD "99"]
[GameID "748804"]

1. e4 d5 2. exd5 Qxd5 3. Nc3 Qe5+ 4. Be2 e6 5. Nf3 Qd6 6. Bb5+ Bd7 7. d3 Bxb5 8. Nxb5 Qd5 9. Nxc7+ Ke7 10. Nxd5+ Kd7
11. Ne5+ Ke8 12. Nc7+ Kd8 13. Nxa8 Bd6 14. Nxf7+ Kd7 15. Nxh8 Ne7 16. Qf3 Nbc6 17. O-O h6 18. Bf4 e5 19. Qg4+ Ke8 20. Bg3 Kf8
21. Ng6+ Kg8 22. Nxe7+
*

[Event "Under The Counter"]
[Site "SchemingMind.com"]
[Date "2024.11.08"]
[Round "-"]
[White "Henk Miedema"]
[Black "maro"]
[Result "*"]
[WhiteCountry "NED"]
[BlackCountry "MEX"]
[WhiteElo "801"]
[WhiteRD "99"]
[BlackElo "1420"]
[BlackRD "70"]
[GameID "748805"]

1. e4 d5 2. exd5 e6 3. c4 exd5 4. Qe2+ Qe7 5. Qxe7+ Bxe7 6. cxd5 Bf5 7. Nc3 Nf6 8. Nf3 Nbd7 9. Nb5 O-O 10. Nfd4 Bg6
11. Nxc7 Rac8 12. Ncb5 Bb4 13. Nxa7 Rfe8+ 14. Kd1 Bh5+ 15. Be2 Bxe2+ 16. Nxe2 Rc5 17. a3 Ra5 18. Nd4 Rxa7 19. Nb5 Ra5 20. Nc7 Re5
21. a4 Rc5 22. Re1 Rxe1+
*

[Event "Under The Counter"]
[Site "SchemingMind.com"]
[Date "2024.11.09"]
[Round "-"]
[White "Chessibelle"]
[Black "Henk Miedema"]
[Result "*"]
[WhiteCountry "ENG"]
[BlackCountry "NED"]
[WhiteElo "1001"]
[WhiteRD "58"]
[BlackElo "801"]
[BlackRD "99"]
[GameID "748808"]

1. e4 d5 2. Bd3 Nf6 3. b3 Bg4 4. f3 Bd7 5. h3 Qc8 6. g4 dxe4 7. fxe4 Bxg4 8. Be2 Bxe2 9. Qxe2 Nc6 10. c4 Nd4
11. Qg2 Nc2+ 12. Kf1 Nh5 13. d3 Nxa1 14. Qb2 Ng3+ 15. Kg2 Nxh1 16. Qxa1 Ng3 17. Be3 Nh5 18. Nf3 Nf6 19. Nbd2 e6 20. Qe1 Qd8
21. Nf1
*

[Event "Under The Counter"]
[Site "SchemingMind.com"]
[Date "2024.11.08"]
[Round "-"]
[White "Henk Miedema"]
[Black "Chessibelle"]
[Result "*"]
[WhiteCountry "NED"]
[BlackCountry "ENG"]
[WhiteElo "801"]
[WhiteRD "99"]
[BlackElo "1001"]
[BlackRD "58"]
[GameID "748809"]

1. e4 d5 2. Nc3 Nf6 3. Bb5+ c6 4. Bd3 g6 5. Be2 Bg7 6. d3 O-O 7. Nf3 Nh5 8. O-O e6 9. Bg5 Nf6 10. Qd2 Nbd7
11. Be3 a6 12. e5 Ng4 13. Na4 b6 14. Nd4 Bb7 15. Nb3 b5 16. Nc3 f6 17. Bc5 Re8 18. Bxg4 Nxe5 19. Bb4 Nxg4 20. Nc5 Bc8
21. Qe2 Bf8
*